[Event "ccc 2015 1"]
[Site "?"]
[Date "2015.04.30"]
[Round "3.8"]
[White "Westerinen, Heikki M.J."]
[Black "Tikkanen, Hans"]
[Result "1/2-1/2"]
[BlackElo "2535"]
[WhiteElo "2305"]
[LiveChessVersion "1.4.5"]

1. e4 {[%clk 1:28:43]} d6 {[%clk 1:30:45]} 2. d4 {[%clk 1:28:28]} Nf6
{[%clk 1:31:11]} 3. Nc3 {[%clk 1:28:32]} e5 {[%clk 1:28:32]} 4. Nf3
{[%clk 1:24:06]} Nbd7 {[%clk 1:28:49]} 5. Bc4 {[%clk 1:23:52]} Be7
{[%clk 1:28:46]} 6. O-O {[%clk 1:22:30]} O-O {[%clk 1:29:06]} 7. Re1
{[%clk 1:21:34]} c6 {[%clk 1:29:30]} 8. a4 {[%clk 1:20:50]} a5 {[%clk 1:29:34]}
9. b3 {[%clk 1:14:15]} exd4 {[%clk 1:15:17]} 10. Nxd4 {[%clk 1:09:31]} Nb6
{[%clk 1:14:10]} 11. Bd3 {[%clk 1:02:59]} g6 {[%clk 1:10:52]} 12. Bb2
{[%clk 0:52:49]} d5 {[%clk 1:04:58]} 13. e5 {[%clk 0:48:48]} Nh5 {[%clk 1:04:12]}
14. Qf3 {[%clk 0:25:54]} f6 {[%clk 0:58:21]} 15. e6 {[%clk 0:23:14]} Ng7
{[%clk 0:58:17]} 16. Re2 {[%clk 0:19:51]} c5 {[%clk 0:57:53]} 17. Ndb5
{[%clk 0:19:41]} Bxe6 {[%clk 0:51:36]} 18. Rae1 {[%clk 0:17:53]} Qd7
{[%clk 0:46:44]} 19. Qg3 {[%clk 0:15:36]} Rac8 {[%clk 0:37:46]} 20. Bxg6
{[%clk 0:05:31]} hxg6 {[%clk 0:35:41]} 21. Rxe6 {[%clk 0:05:24]} Nxe6
{[%clk 0:08:01]} 22. Rxe6 {[%clk 0:05:40]} Kg7 {[%clk 0:08:25]} 23. Rxb6
{[%clk 0:04:21]} Rc6 {[%clk 0:08:54]} 24. Rxc6 {[%clk 0:03:09]} bxc6
{[%clk 0:09:22]} 25. Na3 {[%clk 0:02:44]} Bd6 {[%clk 0:08:51]} 26. Qf3
{[%clk 0:02:34]} Re8 {[%clk 0:06:51]} 27. Ne2 {[%clk 0:02:23]} Qe7
{[%clk 0:06:06]} 28. Kf1 {[%clk 0:02:17]} c4 {[%clk 0:04:11]} 29. Nb1
{[%clk 0:02:13]} Be5 {[%clk 0:04:05]} 30. Ba3 {[%clk 0:02:01]} Bd6
{[%clk 0:03:05]} 31. Bb2 {[%clk 0:02:15]} Be5 {[%clk 0:01:38]} 32. Ba3
{[%clk 0:02:42]} c5 {[%clk 0:00:31]} 33. g3 {[%clk 0:02:13]} cxb3
{[%clk 0:00:39]} 1/2-1/2

[Event "ccc 2015 1"]
[Site "?"]
[Date "2015.04.30"]
[Round "3.9"]
[White "Hector, Jonny"]
[Black "Lundin, Jan"]
[Result "1-0"]
[BlackElo "2234"]
[WhiteElo "2486"]
[LiveChessVersion "1.4.5"]

1. e4 {[%clk 1:30:51]} c6 {[%clk 1:30:43]} 2. d4 {[%clk 1:30:40]} d5
{[%clk 1:31:09]} 3. Nc3 {[%clk 1:29:29]} dxe4 {[%clk 1:31:31]} 4. Nxe4
{[%clk 1:29:55]} Bf5 {[%clk 1:31:46]} 5. Ng3 {[%clk 1:30:14]} Bg6
{[%clk 1:32:11]} 6. Nh3 {[%clk 1:30:06]} e6 {[%clk 1:32:08]} 7. Nf4
{[%clk 1:30:00]} Bd6 {[%clk 1:31:57]} 8. h4 {[%clk 1:29:57]} Bxf4
{[%clk 1:29:01]} 9. Bxf4 {[%clk 1:30:17]} h6 {[%clk 1:29:12]} 10. Be2
{[%clk 1:26:51]} Nf6 {[%clk 1:24:16]} 11. c4 {[%clk 1:24:03]} Nbd7
{[%clk 1:09:43]} 12. Bf3 {[%clk 1:20:51]} Qa5+ {[%clk 1:06:16]} 13. Bd2
{[%clk 1:09:57]} Qc7 {[%clk 1:06:13]} 14. h5 {[%clk 1:06:33]} Bh7
{[%clk 1:05:27]} 15. O-O {[%clk 1:06:13]} O-O {[%clk 1:02:08]} 16. Bc3
{[%clk 1:04:33]} Rad8 {[%clk 1:00:38]} 17. Re1 {[%clk 1:03:13]} Rfe8
{[%clk 0:51:23]} 18. Qb3 {[%clk 0:58:59]} e5 {[%clk 0:39:27]} 19. dxe5
{[%clk 0:56:14]} Nc5 {[%clk 0:39:51]} 20. Qa3 {[%clk 0:54:58]} Nfd7
{[%clk 0:40:07]} 21. Re3 {[%clk 0:49:13]} b6 {[%clk 0:35:52]} 22. Rd1
{[%clk 0:45:43]} Nxe5 {[%clk 0:26:35]} 23. Bxe5 {[%clk 0:44:58]} Rxd1+
{[%clk 0:26:49]} 24. Bxd1 {[%clk 0:45:24]} Rxe5 {[%clk 0:27:05]} 25. Rxe5
{[%clk 0:45:28]} Qxe5 {[%clk 0:27:30]} 26. Qxa7 {[%clk 0:44:58]} Qe1+
{[%clk 0:26:22]} 27. Kh2 {[%clk 0:45:10]} Bb1 {[%clk 0:21:12]} 28. Bf3
{[%clk 0:42:20]} Qxf2 {[%clk 0:19:20]} 29. b4 {[%clk 0:32:47]} Ne4
{[%clk 0:16:40]} 30. Qb8+ {[%clk 0:27:33]} Kh7 {[%clk 0:17:04]} 31. c5
{[%clk 0:24:10]} bxc5 {[%clk 0:12:12]} 32. bxc5 {[%clk 0:24:24]} Nxg3
{[%clk 0:12:19]} 33. Qxb1+ {[%clk 0:23:51]} f5 {[%clk 0:12:18]} 34. Kh3
{[%clk 0:22:06]} Ne4 {[%clk 0:03:27]} 35. Bxe4 {[%clk 0:22:15]} fxe4
{[%clk 0:03:53]} 36. Qxe4+ {[%clk 0:22:34]} Kh8 {[%clk 0:04:09]} 37. Qxc6
{[%clk 0:21:43]} Qf5+ {[%clk 0:03:33]} 38. g4 {[%clk 0:21:34]} Qd3+
{[%clk 0:03:40]} 39. Kh2 {[%clk 0:20:39]} Qc2+ {[%clk 0:03:50]} 40. Kg3
{[%clk 0:18:08]} Qxa2 {[%clk 0:02:13]} 41. Qe8+ {[%clk 0:16:41]} Kh7
{[%clk 0:02:38]} 42. Qe4+ {[%clk 0:17:02]} Kh8 {[%clk 0:03:03]} 43. c6
{[%clk 0:16:57]} Qa3+ {[%clk 0:02:58]} 44. Qf3 {[%clk 0:16:12]} Qc1
{[%clk 0:02:33]} 45. Qe4 {[%clk 0:14:10]} Qc3+ {[%clk 0:01:36]} 46. Kf2
{[%clk 0:14:10]} Qd2+ {[%clk 0:01:34]} 47. Kf3 {[%clk 0:14:17]} Qc3+
{[%clk 0:01:56]} 48. Ke2 {[%clk 0:14:35]} Qb2+ {[%clk 0:01:52]} 49. Kd1
{[%clk 0:14:53]} Qb3+ {[%clk 0:01:44]} 50. Ke2 {[%clk 0:10:43]} Qb2+
{[%clk 0:02:13]} 51. Ke3 {[%clk 0:11:15]} Qc3+ {[%clk 0:02:17]} 52. Kf4
{[%clk 0:11:05]} Qf6+ {[%clk 0:02:33]} 53. Kg3 {[%clk 0:11:26]} Qc3+
{[%clk 0:02:41]} 54. Qf3 {[%clk 0:11:41]} Qe5+ {[%clk 0:02:31]} 55. Kg2
{[%clk 0:11:12]} Qe7 {[%clk 0:02:05]} 56. Qc3 {[%clk 0:10:22]} Qc7
{[%clk 0:01:26]} 57. g5 {[%clk 0:07:53]} Qf4 {[%clk 0:01:27]} 58. gxh6
{[%clk 0:07:56]} Qxh6 {[%clk 0:01:29]} 59. c7 {[%clk 0:07:58]} Qg5+
{[%clk 0:01:49]} 60. Kf2 {[%clk 0:05:22]} Qf4+ {[%clk 0:02:04]} 61. Ke1
{[%clk 0:05:05]} Qe4+ {[%clk 0:01:59]} 62. Kd1 {[%clk 0:05:14]} Qb1+
{[%clk 0:02:17]} 63. Kd2 {[%clk 0:05:24]} Qa2+ {[%clk 0:02:38]} 64. Kc1
{[%clk 0:05:03]} 1-0

[Event "ccc 2015 1"]
[Site "?"]
[Date "2015.04.30"]
[Round "3.10"]
[White "Englert, Fabian"]
[Black "Antonsen, Mikkel Djernæs"]
[Result "0-1"]
[BlackElo "2472"]
[WhiteElo "2318"]
[LiveChessVersion "1.4.5"]

1. Nf3 {[%clk 1:30:57]} Nf6 {[%clk 1:30:55]} 2. g3 {[%clk 1:31:07]} g6
{[%clk 1:31:21]} 3. b3 {[%clk 1:30:56]} Bg7 {[%clk 1:31:42]} 4. Bb2
{[%clk 1:31:22]} O-O {[%clk 1:31:55]} 5. Bg2 {[%clk 1:31:45]} d6 {[%clk 1:32:23]}
6. d4 {[%clk 1:32:07]} c5 {[%clk 1:32:50]} 7. O-O {[%clk 1:28:53]} cxd4
{[%clk 1:32:37]} 8. Nxd4 {[%clk 1:28:52]} d5 {[%clk 1:33:01]} 9. e3
{[%clk 1:25:32]} Bg4 {[%clk 1:26:51]} 10. Qc1 {[%clk 1:24:23]} Qd7
{[%clk 1:26:46]} 11. Nd2 {[%clk 1:22:29]} Bh3 {[%clk 1:26:44]} 12. N4f3
{[%clk 1:15:56]} Bxg2 {[%clk 1:26:42]} 13. Kxg2 {[%clk 1:14:38]} Rc8
{[%clk 1:23:22]} 14. Qb1 {[%clk 1:09:38]} b5 {[%clk 1:13:30]} 15. Ne5
{[%clk 1:08:04]} Qb7 {[%clk 1:13:42]} 16. Bd4 {[%clk 0:58:57]} Ne4
{[%clk 1:08:47]} 17. Nxe4 {[%clk 0:43:16]} dxe4 {[%clk 1:08:42]} 18. h4
{[%clk 0:39:35]} Qc7 {[%clk 1:00:44]} 19. Ng4 {[%clk 0:36:05]} e5
{[%clk 0:56:04]} 20. Bb2 {[%clk 0:36:17]} f5 {[%clk 0:56:27]} 21. Nh2
{[%clk 0:36:37]} Rd8 {[%clk 0:54:56]} 22. c4 {[%clk 0:35:03]} Nc6
{[%clk 0:53:27]} 23. cxb5 {[%clk 0:34:01]} Nb4 {[%clk 0:53:52]} 24. a4
{[%clk 0:32:57]} Nd3 {[%clk 0:53:55]} 25. Ba3 {[%clk 0:26:52]} f4
{[%clk 0:51:08]} 26. Ra2 {[%clk 0:21:56]} Rac8 {[%clk 0:51:11]} 27. Kh1
{[%clk 0:20:49]} Qd7 {[%clk 0:48:15]} 28. Rc2 {[%clk 0:20:01]} Qh3
{[%clk 0:43:44]} 29. Rxc8 {[%clk 0:15:40]} f3 {[%clk 0:40:50]} 30. Rxd8+
{[%clk 0:15:58]} Bf8 {[%clk 0:40:52]} 0-1

[Event "ccc 2015 1"]
[Site "?"]
[Date "2015.04.30"]
[Round "3.11"]
[White "Brynell, Stellan"]
[Black "Veng, Johnni"]
[Result "1-0"]
[BlackElo "2304"]
[WhiteElo "2433"]
[LiveChessVersion "1.4.5"]

1. d4 {[%clk 1:30:53]} d5 {[%clk 1:30:35]} 2. Nf3 {[%clk 1:30:41]} Nf6
{[%clk 1:30:58]} 3. c4 {[%clk 1:31:06]} c6 {[%clk 1:31:08]} 4. Nc3
{[%clk 1:31:31]} dxc4 {[%clk 1:31:23]} 5. a4 {[%clk 1:31:24]} Bf5
{[%clk 1:31:13]} 6. Ne5 {[%clk 1:31:47]} Nbd7 {[%clk 1:30:33]} 7. Nxc4
{[%clk 1:32:10]} Nb6 {[%clk 1:28:36]} 8. Ne5 {[%clk 1:32:34]} a5 {[%clk 1:29:00]}
9. e3 {[%clk 1:30:21]} Nfd7 {[%clk 1:14:57]} 10. Nxf7 {[%clk 1:26:39]} Kxf7
{[%clk 1:15:21]} 11. Qf3 {[%clk 1:27:00]} e6 {[%clk 1:13:38]} 12. g4
{[%clk 1:25:32]} Qf6 {[%clk 1:08:55]} 13. gxf5 {[%clk 1:25:54]} exf5
{[%clk 1:08:43]} 14. Bd3 {[%clk 1:20:58]} g6 {[%clk 1:02:39]} 15. Bd2
{[%clk 1:12:05]} Bb4 {[%clk 1:01:09]} 16. Bc2 {[%clk 1:07:54]} Kg7
{[%clk 0:50:24]} 17. O-O-O {[%clk 0:57:26]} Nc4 {[%clk 0:44:50]} 18. Be1
{[%clk 0:54:51]} Rhe8 {[%clk 0:38:05]} 19. h4 {[%clk 0:54:48]} Nd6
{[%clk 0:34:32]} 20. Bd2 {[%clk 0:46:21]} h6 {[%clk 0:19:49]} 21. Rdg1
{[%clk 0:41:11]} Rad8 {[%clk 0:18:15]} 22. Rg2 {[%clk 0:37:02]} Nf8
{[%clk 0:17:28]} 23. Kb1 {[%clk 0:27:27]} Rd7 {[%clk 0:15:05]} 24. Qd1
{[%clk 0:19:38]} Kh7 {[%clk 0:12:59]} 25. Ne2 {[%clk 0:19:29]} c5
{[%clk 0:06:12]} 26. Bxb4 {[%clk 0:18:05]} axb4 {[%clk 0:06:39]} 27. dxc5
{[%clk 0:15:25]} Ne4 {[%clk 0:05:26]} 28. Nd4 {[%clk 0:15:38]} Ne6
{[%clk 0:01:08]} 29. Bxe4 {[%clk 0:15:09]} Nxd4 {[%clk 0:01:11]} 30. Bf3
{[%clk 0:07:23]} Nxf3 {[%clk 0:00:44]} 31. Qxd7+ {[%clk 0:07:36]} Re7
{[%clk 0:01:02]} 32. Qd5 {[%clk 0:06:29]} Ne5 {[%clk 0:00:49]} 33. Rd1
{[%clk 0:05:49]} Qxh4 {[%clk 0:01:07]} 34. Qd4 {[%clk 0:03:32]} Qh5
{[%clk 0:01:06]} 35. Rgg1 {[%clk 0:03:37]} Qf3 {[%clk 0:01:12]} 36. Rd2
{[%clk 0:02:35]} h5 {[%clk 0:01:25]} 37. Qxb4 {[%clk 0:02:43]} Nf7
{[%clk 0:00:59]} 38. c6 {[%clk 0:01:58]} Rc7 {[%clk 0:00:55]} 39. cxb7
{[%clk 0:00:55]} Rxb7 {[%clk 0:01:24]} 40. Qf4 {[%clk 0:00:52]} Qc6
{[%clk 0:01:14]} 41. Rc1 {[%clk 0:01:19]} Qb6 {[%clk 0:01:17]} 42. Qd4
{[%clk 0:01:36]} Qa6 {[%clk 0:01:10]} 43. Qd5 {[%clk 0:01:09]} Ng5
{[%clk 0:00:51]} 44. Rc8 {[%clk 0:00:35]} Rg7 {[%clk 0:00:43]} 45. Qc4
{[%clk 0:00:38]} Qb7 {[%clk 0:01:04]} 46. Rdd8 {[%clk 0:00:53]} Nf7
{[%clk 0:01:21]} 47. Rf8 {[%clk 0:01:03]} g5 {[%clk 0:01:08]} 48. Rc7
{[%clk 0:00:47]} Qh1+ {[%clk 0:01:32]} 49. Ka2 {[%clk 0:01:04]} Nh6
{[%clk 0:01:36]} 50. Re8 {[%clk 0:00:39]} Qd1 {[%clk 0:00:48]} 51. Rxg7+
{[%clk 0:00:46]} Kxg7 {[%clk 0:01:12]} 52. Re7+ {[%clk 0:01:07]} Kf8
{[%clk 0:01:25]} 53. Ra7 {[%clk 0:00:56]} 1-0

[Event "ccc 2015 1"]
[Site "?"]
[Date "2015.04.30"]
[Round "3.12"]
[White "Jacobsen, Mikkel Manosri"]
[Black "Carstensen, Jacob"]
[Result "1/2-1/2"]
[BlackElo "2382"]
[WhiteElo "2188"]
[LiveChessVersion "1.4.5"]

1. d4 {[%clk 1:30:56]} Nf6 {[%clk 1:30:52]} 2. Nc3 {[%clk 1:31:20]} d5
{[%clk 1:31:01]} 3. Bg5 {[%clk 1:31:45]} Nbd7 {[%clk 1:28:31]} 4. e3
{[%clk 1:31:46]} c6 {[%clk 1:28:08]} 5. Nf3 {[%clk 1:32:07]} h6 {[%clk 1:28:08]}
6. Bh4 {[%clk 1:32:03]} g6 {[%clk 1:23:57]} 7. Bd3 {[%clk 1:32:00]} Bg7
{[%clk 1:24:22]} 8. O-O {[%clk 1:32:03]} O-O {[%clk 1:24:35]} 9. h3
{[%clk 1:30:16]} Re8 {[%clk 1:23:38]} 10. Ne5 {[%clk 1:28:23]} Nxe5
{[%clk 1:20:37]} 11. dxe5 {[%clk 1:28:47]} Nh7 {[%clk 1:20:51]} 12. f4
{[%clk 1:23:39]} Qb6 {[%clk 1:19:09]} 13. Qc1 {[%clk 1:22:44]} Bf5
{[%clk 1:17:38]} 14. Bxf5 {[%clk 1:17:32]} gxf5 {[%clk 1:17:40]} 15. Ne2
{[%clk 1:17:55]} f6 {[%clk 1:15:08]} 16. e6 {[%clk 1:15:35]} c5 {[%clk 1:14:10]}
17. b4 {[%clk 1:15:07]} Qxe6 {[%clk 1:12:56]} 18. bxc5 {[%clk 1:15:14]} Rec8
{[%clk 1:12:53]} 19. Nd4 {[%clk 1:10:54]} Qd7 {[%clk 1:06:19]} 20. Qa3
{[%clk 1:10:12]} Bf8 {[%clk 1:06:32]} 21. c4 {[%clk 0:26:54]} dxc4
{[%clk 0:59:15]} 22. c6 {[%clk 0:22:48]} bxc6 {[%clk 0:56:13]} 23. Qa4
{[%clk 0:23:13]} Qd5 {[%clk 0:55:05]} 24. Rac1 {[%clk 0:22:59]} c5
{[%clk 0:52:40]} 25. Nb5 {[%clk 0:21:12]} a6 {[%clk 0:50:09]} 26. Na3
{[%clk 0:19:31]} c3 {[%clk 0:50:04]} 27. Qc4 {[%clk 0:16:54]} Qxc4
{[%clk 0:47:12]} 28. Nxc4 {[%clk 0:17:22]} Rab8 {[%clk 0:47:27]} 29. Rxc3
{[%clk 0:17:35]} Rd8 {[%clk 0:47:40]} 30. Rfc1 {[%clk 0:15:43]} Rd5
{[%clk 0:45:00]} 31. Ra3 {[%clk 0:15:43]} Rbd8 {[%clk 0:44:07]} 32. Rxa6
{[%clk 0:16:04]} Rd1+ {[%clk 0:44:32]} 33. Rxd1 {[%clk 0:16:30]} Rxd1+
{[%clk 0:44:58]} 34. Kf2 {[%clk 0:15:42]} Rc1 {[%clk 0:44:52]} 35. Ra4
{[%clk 0:15:15]} e6 {[%clk 0:42:57]} 36. Ke2 {[%clk 0:15:34]} Rc2+
{[%clk 0:41:36]} 37. Kf3 {[%clk 0:15:42]} Be7 {[%clk 0:40:09]} 38. Be1
{[%clk 0:16:05]} Nf8 {[%clk 0:40:28]} 39. Bd2 {[%clk 0:16:23]} e5
{[%clk 0:39:36]} 40. Ke2 {[%clk 0:16:38]} exf4 {[%clk 0:39:38]} 41. exf4
{[%clk 0:16:53]} Ne6 {[%clk 0:39:52]} 42. Kd3 {[%clk 0:15:45]} Nd4
{[%clk 0:39:50]} 43. Ra7 {[%clk 0:14:57]} Kf8 {[%clk 0:39:06]} 44. Ne3
{[%clk 0:13:33]} Rb2 {[%clk 0:39:04]} 45. Bc3 {[%clk 0:13:50]} Rf2
{[%clk 0:36:43]} 46. Nd5 {[%clk 0:10:09]} Bd6 {[%clk 0:36:05]} 47. Be1
{[%clk 0:07:08]} Rxg2 {[%clk 0:31:57]} 48. Rd7 {[%clk 0:06:31]} Re2
{[%clk 0:31:50]} 49. Bh4 {[%clk 0:06:36]} Re6 {[%clk 0:18:52]} 50. Bxf6
{[%clk 0:05:39]} Nc6 {[%clk 0:19:06]} 51. Bg7+ {[%clk 0:02:52]} Ke8
{[%clk 0:19:10]} 52. Rb7 {[%clk 0:03:17]} Nb4+ {[%clk 0:16:26]} 53. Nxb4
{[%clk 0:03:31]} cxb4 {[%clk 0:16:52]} 54. Be5 {[%clk 0:03:41]} Be7
{[%clk 0:16:40]} 55. Ra7 {[%clk 0:02:54]} Rg6 {[%clk 0:15:29]} 56. Kc4
{[%clk 0:02:32]} Kf7 {[%clk 0:14:06]} 57. Kd5 {[%clk 0:01:47]} Rb6
{[%clk 0:13:23]} 58. Bd4 {[%clk 0:02:00]} Rd6+ {[%clk 0:11:11]} 1/2-1/2

[Event "ccc 2015 1"]
[Site "?"]
[Date "2015.04.30"]
[Round "3.14"]
[White "Christiansen, Johan-Sebastian"]
[Black "Vovk, Oksana"]
[Result "0-1"]
[BlackElo "2112"]
[WhiteElo "2392"]
[LiveChessVersion "1.4.5"]

1. c4 {[%clk 1:30:57]} e5 {[%clk 1:30:48]} 2. g3 {[%clk 1:31:23]} Nf6
{[%clk 1:31:12]} 3. Bg2 {[%clk 1:31:47]} d5 {[%clk 1:31:26]} 4. cxd5
{[%clk 1:32:12]} Nxd5 {[%clk 1:31:53]} 5. Nc3 {[%clk 1:32:35]} Nb6
{[%clk 1:31:53]} 6. e3 {[%clk 1:32:58]} Nc6 {[%clk 1:26:43]} 7. Nge2
{[%clk 1:33:21]} Be6 {[%clk 1:25:04]} 8. f4 {[%clk 1:29:24]} f6 {[%clk 1:19:26]}
9. O-O {[%clk 1:28:48]} Qd7 {[%clk 1:17:49]} 10. fxe5 {[%clk 0:55:40]} fxe5
{[%clk 1:17:17]} 11. Ne4 {[%clk 0:55:02]} Be7 {[%clk 1:15:54]} 12. b3
{[%clk 0:54:15]} Nd5 {[%clk 1:07:52]} 13. a3 {[%clk 0:52:00]} O-O-O
{[%clk 1:02:07]} 14. Bb2 {[%clk 0:52:17]} Bh3 {[%clk 1:00:13]} 15. Bxh3
{[%clk 0:49:47]} Qxh3 {[%clk 1:00:27]} 16. Qc2 {[%clk 0:49:46]} Qg4
{[%clk 0:54:56]} 17. Rae1 {[%clk 0:48:24]} Qg6 {[%clk 0:54:18]} 18. b4
{[%clk 0:47:12]} a6 {[%clk 0:51:38]} 19. Rc1 {[%clk 0:44:59]} Kb8
{[%clk 0:50:24]} 20. Rf2 {[%clk 0:29:29]} h5 {[%clk 0:47:00]} 21. Nc5
{[%clk 0:28:51]} Qxc2 {[%clk 0:46:58]} 22. Rxc2 {[%clk 0:29:15]} Ndxb4
{[%clk 0:42:13]} 23. axb4 {[%clk 0:29:39]} Nxb4 {[%clk 0:42:30]} 24. Rc4
{[%clk 0:29:25]} Bxc5 {[%clk 0:41:55]} 25. Rxc5 {[%clk 0:29:47]} Nd3
{[%clk 0:39:55]} 26. Rc2 {[%clk 0:28:29]} Nxf2 {[%clk 0:39:44]} 27. Kxf2
{[%clk 0:28:54]} Rhf8+ {[%clk 0:38:53]} 28. Kg2 {[%clk 0:29:08]} Rd5
{[%clk 0:36:36]} 29. e4 {[%clk 0:24:50]} Ra5 {[%clk 0:35:30]} 30. Nc3
{[%clk 0:23:46]} c6 {[%clk 0:32:12]} 31. Nd1 {[%clk 0:23:33]} Kc7
{[%clk 0:24:56]} 32. Ne3 {[%clk 0:23:44]} Re8 {[%clk 0:25:09]} 33. Nc4
{[%clk 0:21:51]} Rb5 {[%clk 0:25:24]} 34. d3 {[%clk 0:21:46]} Kd7
{[%clk 0:23:37]} 35. Rf2 {[%clk 0:19:43]} Ke6 {[%clk 0:20:39]} 36. Rf5
{[%clk 0:19:27]} g6 {[%clk 0:19:46]} 37. Rg5 {[%clk 0:19:53]} Kf6
{[%clk 0:19:31]} 38. h4 {[%clk 0:20:17]} Re6 {[%clk 0:19:19]} 39. Bc3
{[%clk 0:17:46]} Rc5 {[%clk 0:15:46]} 40. Kf2 {[%clk 0:12:37]} b6
{[%clk 0:11:01]} 41. Bb2 {[%clk 0:11:15]} a5 {[%clk 0:10:48]} 42. Ke2
{[%clk 0:02:29]} b5 {[%clk 0:10:11]} 43. Ne3 {[%clk 0:02:57]} b4 {[%clk 0:05:52]}
44. d4 {[%clk 0:03:23]} Rb5 {[%clk 0:06:09]} 45. d5 {[%clk 0:03:48]} Re8
{[%clk 0:04:07]} 46. dxc6 {[%clk 0:04:08]} Rc5 {[%clk 0:04:04]} 47. Nd5+
{[%clk 0:02:37]} Kf7 {[%clk 0:04:30]} 48. Bxe5 {[%clk 0:01:44]} Rxc6
{[%clk 0:04:47]} 49. Kd3 {[%clk 0:01:51]} b3 {[%clk 0:03:07]} 50. Bc3
{[%clk 0:01:09]} Rb8 {[%clk 0:02:42]} 51. Re5 {[%clk 0:00:38]} Rb7
{[%clk 0:02:42]} 52. Bb2 {[%clk 0:00:32]} Rc2 {[%clk 0:02:54]} 53. Ba3
{[%clk 0:00:38]} Ra2 {[%clk 0:02:47]} 54. Bc1 {[%clk 0:00:45]} b2
{[%clk 0:03:06]} 55. Bxb2 {[%clk 0:01:11]} Raxb2 {[%clk 0:03:00]} 56. Nc3
{[%clk 0:01:08]} Rd7+ {[%clk 0:02:22]} 57. Nd5 {[%clk 0:00:34]} Rb3+
{[%clk 0:02:33]} 58. Kc4 {[%clk 0:00:55]} a4 {[%clk 0:02:10]} 59. Rg5
{[%clk 0:00:44]} Rd6 {[%clk 0:01:29]} 60. Nb4 {[%clk 0:00:44]} Rb6
{[%clk 0:01:39]} 61. Nd3 {[%clk 0:00:33]} Rc6+ {[%clk 0:01:00]} 62. Nc5
{[%clk 0:01:02]} Rb1 {[%clk 0:01:10]} 63. Kd5 {[%clk 0:01:22]} Rxc5+
{[%clk 0:01:20]} 64. Kxc5 {[%clk 0:01:47]} a3 {[%clk 0:01:42]} 65. e5
{[%clk 0:02:00]} a2 {[%clk 0:02:06]} 66. e6+ {[%clk 0:02:25]} Ke7
{[%clk 0:02:30]} 0-1

[Event "ccc 2015 1"]
[Site "?"]
[Date "2015.04.30"]
[Round "3.15"]
[White "Christensen, Tobias Bent"]
[Black "Risting, Eivind Olav"]
[Result "1-0"]
[BlackElo "2107"]
[WhiteElo "2358"]
[LiveChessVersion "1.4.5"]

1. c4 {[%clk 1:30:58]} e5 {[%clk 1:23:58]} 2. g3 {[%clk 1:31:11]} Nf6
{[%clk 1:24:22]} 3. Bg2 {[%clk 1:31:32]} c6 {[%clk 1:24:45]} 4. d4
{[%clk 1:23:15]} exd4 {[%clk 1:25:08]} 5. Nf3 {[%clk 1:22:08]} d5
{[%clk 1:21:59]} 6. cxd5 {[%clk 1:09:29]} Qxd5 {[%clk 1:20:33]} 7. Qxd4
{[%clk 1:08:11]} Be6 {[%clk 1:13:07]} 8. O-O {[%clk 1:05:09]} Bc5
{[%clk 1:12:29]} 9. Qxd5 {[%clk 1:04:21]} cxd5 {[%clk 1:11:15]} 10. Nc3
{[%clk 0:57:49]} O-O {[%clk 1:11:06]} 11. Na4 {[%clk 0:56:51]} Be7
{[%clk 1:03:39]} 12. Be3 {[%clk 0:56:48]} Nc6 {[%clk 1:02:24]} 13. Rac1
{[%clk 0:53:26]} Rac8 {[%clk 0:58:18]} 14. Nc5 {[%clk 0:52:31]} Bxc5
{[%clk 0:55:27]} 15. Bxc5 {[%clk 0:51:46]} Rfd8 {[%clk 0:55:17]} 16. Nd4
{[%clk 0:44:00]} Nxd4 {[%clk 0:49:40]} 17. Bxd4 {[%clk 0:43:49]} b6
{[%clk 0:48:28]} 18. Rfd1 {[%clk 0:42:25]} Ne4 {[%clk 0:43:05]} 19. b3
{[%clk 0:37:39]} Rxc1 {[%clk 0:41:23]} 20. Rxc1 {[%clk 0:38:07]} Rc8
{[%clk 0:41:39]} 21. Rxc8+ {[%clk 0:36:30]} Bxc8 {[%clk 0:41:58]} 22. f3
{[%clk 0:35:30]} Nc5 {[%clk 0:41:12]} 23. Kf2 {[%clk 0:35:33]} Bf5
{[%clk 0:39:29]} 24. b4 {[%clk 0:34:09]} Ne6 {[%clk 0:30:19]} 25. Ke3
{[%clk 0:34:31]} Bb1 {[%clk 0:27:58]} 26. a4 {[%clk 0:33:04]} f5 {[%clk 0:22:43]}
27. a5 {[%clk 0:27:25]} bxa5 {[%clk 0:22:39]} 28. bxa5 {[%clk 0:27:53]} a6
{[%clk 0:22:48]} 29. Bb6 {[%clk 0:27:09]} Kf7 {[%clk 0:22:21]} 30. Kd2
{[%clk 0:25:33]} Ba2 {[%clk 0:13:12]} 31. e4 {[%clk 0:21:38]} dxe4
{[%clk 0:10:04]} 32. fxe4 {[%clk 0:21:56]} fxe4 {[%clk 0:09:40]} 33. Bf1
{[%clk 0:22:07]} Ke7 {[%clk 0:09:30]} 34. Bxa6 {[%clk 0:19:20]} Bd5
{[%clk 0:09:15]} 35. Bc8 {[%clk 0:17:04]} Kd6 {[%clk 0:08:31]} 36. Ke3
{[%clk 0:10:03]} g6 {[%clk 0:06:22]} 37. Ba6 {[%clk 0:09:41]} Ke5
{[%clk 0:05:56]} 38. Be2 {[%clk 0:08:50]} Bc6 {[%clk 0:05:15]} 39. a6
{[%clk 0:09:00]} Bd5 {[%clk 0:05:16]} 40. Bb5 {[%clk 0:08:09]} Ba8
{[%clk 0:05:22]} 41. Bd7 {[%clk 0:07:21]} Kd6 {[%clk 0:02:56]} 42. Bc8
{[%clk 0:06:57]} Kc6 {[%clk 0:02:53]} 43. Bxe6 {[%clk 0:06:16]} Kxb6
{[%clk 0:03:18]} 44. Bg8 {[%clk 0:06:18]} h6 {[%clk 0:02:28]} 45. Bh7
{[%clk 0:06:37]} Kxa6 {[%clk 0:02:48]} 46. Bxg6 {[%clk 0:06:58]} Bd5
{[%clk 0:02:40]} 47. Bxe4 {[%clk 0:07:07]} Bf7 {[%clk 0:02:46]} 48. Kf4
{[%clk 0:06:43]} Kb6 {[%clk 0:02:54]} 49. Kf5 {[%clk 0:06:27]} Kc5
{[%clk 0:02:46]} 50. Kf6 {[%clk 0:06:49]} Be8 {[%clk 0:02:31]} 51. Bg6
{[%clk 0:05:09]} 1-0

[Event "ccc 2015 1"]
[Site "?"]
[Date "2015.04.30"]
[Round "3.16"]
[White "Brøndal, Paul"]
[Black "Arman, Deniz"]
[Result "0-1"]
[BlackElo "2315"]
[WhiteElo "2103"]
[LiveChessVersion "1.4.5"]

1. c4 {[%clk 1:30:58]} Nf6 {[%clk 1:28:28]} 2. Nc3 {[%clk 1:31:24]} d5
{[%clk 1:28:38]} 3. cxd5 {[%clk 1:31:41]} Nxd5 {[%clk 1:29:04]} 4. g3
{[%clk 1:31:28]} g6 {[%clk 1:29:05]} 5. Bg2 {[%clk 1:31:41]} Nb6 {[%clk 1:28:56]}
6. Nf3 {[%clk 1:31:31]} Bg7 {[%clk 1:25:21]} 7. O-O {[%clk 1:31:05]} Nc6
{[%clk 1:22:48]} 8. d3 {[%clk 1:30:05]} O-O {[%clk 1:23:13]} 9. Be3
{[%clk 1:28:39]} h6 {[%clk 1:23:34]} 10. Rc1 {[%clk 1:26:59]} e5 {[%clk 1:23:32]}
11. a3 {[%clk 1:23:58]} Nd4 {[%clk 1:22:23]} 12. Nd2 {[%clk 1:20:57]} c6
{[%clk 1:19:05]} 13. Nc4 {[%clk 1:17:54]} Nxc4 {[%clk 0:56:50]} 14. dxc4
{[%clk 1:18:07]} Qe7 {[%clk 0:56:08]} 15. Bxd4 {[%clk 1:10:32]} exd4
{[%clk 0:56:06]} 16. Nb1 {[%clk 1:07:14]} Bg4 {[%clk 0:40:04]} 17. f3
{[%clk 1:02:34]} Qe3+ {[%clk 0:30:45]} 18. Kh1 {[%clk 1:00:42]} Bf5
{[%clk 0:31:10]} 19. Re1 {[%clk 0:55:28]} Rfe8 {[%clk 0:30:04]} 20. Qd2
{[%clk 0:51:24]} Qf2 {[%clk 0:26:02]} 21. Qd1 {[%clk 0:43:51]} Qe3
{[%clk 0:17:05]} 22. Nd2 {[%clk 0:40:32]} d3 {[%clk 0:16:04]} 23. Nf1
{[%clk 0:37:00]} Qd4 {[%clk 0:14:54]} 24. e4 {[%clk 0:36:54]} Be6
{[%clk 0:15:21]} 25. b3 {[%clk 0:35:07]} Bf8 {[%clk 0:15:40]} 26. Ra1
{[%clk 0:33:18]} b5 {[%clk 0:14:45]} 27. cxb5 {[%clk 0:32:33]} cxb5
{[%clk 0:15:11]} 28. Re3 {[%clk 0:30:16]} Rad8 {[%clk 0:15:05]} 29. a4
{[%clk 0:28:14]} Qc3 {[%clk 0:14:56]} 30. axb5 {[%clk 0:27:42]} Bxb3
{[%clk 0:12:32]} 31. Rc1 {[%clk 0:26:35]} Bxd1 {[%clk 0:07:56]} 32. Rxc3
{[%clk 0:26:33]} Be2 {[%clk 0:07:42]} 33. Nd2 {[%clk 0:25:35]} Bb4
{[%clk 0:08:02]} 0-1